Katalytická oxidácia propénu

Salvato in:
Dettagli Bibliografici
Autore principale: Kovárová, Ema Pavlína (Autore)
Altri autori: Horváth, Blažej (Relatore della tesi)
Natura: Manoscritto Libro
Lingua:slovacco
Pubblicazione: 2023
Soggetti:
Accesso online:http://is.stuba.sk/zp/portal_zp.pl?podrobnosti=156980
Tags: Aggiungi Tag
Nessun Tag, puoi essere il primo ad aggiungerne!!

MARC

LEADER 00000ntm a22000003a 4500
001 stuzp88193
003 SK-STU
005 20230909210958.7
007 ta
008 150427s2015----xo-----f-mn---000-0-slo-d
040 |a STU  |b slo 
041 0 |a slo 
100 1 |a Kovárová, Ema Pavlína  |u 048130  |k Z4  |4 aut  |U FCHPT Ústav organickej chémie, katalýzy a petrochémie  |T FCHPT Oddelenie organickej technológie, katalýzy a ropy  |X 104719  |U C8130  |Y 123  |7 104719 
242 0 1 |a Catalytic oxidation of propene  |y eng 
245 1 0 |a Katalytická oxidácia propénu 
260 |c 2023 
650 4 |a katalyzátor  |2 slo 
650 4 |a propylén  |2 slo 
650 4 |a propylénoxid  |2 slo 
650 4 |a plynová chromatografia  |2 slo 
650 4 |a catalyst  |2 eng 
650 4 |a propylene  |2 eng 
650 4 |a propylene oxide  |2 eng 
650 4 |a gas chromatography  |2 eng 
700 1 |a Horváth, Blažej  |u 048130  |k Z2  |4 ths  |U FCHPT Ústav organickej chémie, katalýzy a petrochémie  |T FCHPT Oddelenie organickej technológie, katalýzy a ropy  |X 3937  |U C8130  |Y 123  |7 A000003937 
856 4 |u http://is.stuba.sk/zp/portal_zp.pl?podrobnosti=156980